KOHA-Header-6

Diya Jalai Rakhna (Record no. 9323)

000 -LEADER
fixed length control field 00265nam a2200109Ia 4500
100 ## - MAIN ENTRY--AUTHOR NAME
Personal name Naseema Bint-i-Siraj
245 #0 - TITLE STATEMENT
Title Diya Jalai Rakhna
260 ## - PUBLICATION, DISTRIBUTION, ETC. (IMPRINT)
Place of publication Karachi
Name of publisher Khawjah Printers
Year of publication 2000
300 ## - PHYSICAL DESCRIPTION
Number of Pages 232
942 ## - ADDED ENTRY ELEMENTS (KOHA)
Koha item type Books
Holdings
Withdrawn status Lost status Collection code Permanent Location Current Location Shelving location Date acquired Full call number Accession Number Koha item type
    Urdu Literature Computing and Engineering Library Block-D Computing and Engineering Library Block-D Shelf No.A12 2020-12-01 519.5 4912 Urdu Literature

Powered by Koha